000 00338nam a22001457a 4500
008 221130b ||||| |||| 00| 0 eng d
020 _a9780323073011
041 _aeng
080 _2SEVENTH EDITION
_a610.73
082 _a610.73ANS
100 _a7
101 _aINF
245 _aDIAGNOSTIC SONOGRAPHY
_cANSERT H.L.S
942 _2udc
_cBK
999 _c59045
_d59045